| 000 | 00324nam a22001337a 4500 | ||
|---|---|---|---|
| 003 | SGT | ||
| 082 |
_a320.954 _bI98B |
||
| 100 | _aBHANDARI, DHARMENDRA | ||
| 245 | _aINVITING THE INVADERS INDIA INC FOR SALE | ||
| 260 |
_aINDIA _bRASHMIKANT DURLABHJI _c1998 |
||
| 300 | _a112 | ||
| 650 | _aINDIAN POLITICS | ||
| 942 |
_2ddc _cBK |
||
| 999 |
_c26316 _d26316 |
||